Egypt's perspective : regional economic development and cooperation..
| Format: | Book |
|---|---|
| Published: |
Amman:
[s.n.],
1995.
|
| Subjects: |
| LEADER | 00536cam a2200169 7i4500 | ||
|---|---|---|---|
| 001 | 0000003691 | ||
| 005 | 19991025090000.0 | ||
| 002 | ##000005077 | ||
| 020 | 0 | 0 | |a T000004523 |
| 090 | 0 | 0 | |a EGPT 337.1 |b EGY |
| 245 | 0 | 0 | |a Egypt's perspective : |b regional economic development and cooperation.. |
| 260 | 0 | 0 | |a Amman: |b [s.n.], |c 1995. |
| 300 | 0 | 0 | |a 278 p.. |
| 650 | 0 | 0 | |a Economic cooperation -- |z Egypt |
| 651 | 0 | 0 | |a Egypt |
| 999 | |a 0000005502 |b Book |c Open shelf |e Business Information Centre | ||
| 999 | |a 0000005257 |b Book |c Open shelf |e Business Information Centre | ||